000
00175nam a2200085 4500
001
1258550
005
20260312190245.0
245
_a
HALİME KAPTAN
_c
RIFAT ILGAZ
260
_b
ÇINAR
999
_c
1258550
_d
1258550